| 000 | 00566nam a2200181Ia 4500 | ||
|---|---|---|---|
| 003 | GCL | ||
| 008 | 140319s9999 xx 000 0 ara d | ||
| 040 |
_aGCL / _cGCL |
||
| 082 | 0 | 4 |
_a352.053111 _bع ا |
| 100 | 1 | _aعبدالله العلى النعيم | |
| 245 | 1 | 0 |
_aادارة المدن الكبرى: تجربة مدينة الرياض / _cعبدالله العلى النعيم |
| 300 | _a430 ص | ||
| 490 |
_aكتاب _v0 |
||
| 650 | 0 | 4 | _aتخطيط المدن |
| 650 | 0 | 4 | _aالنمو السكانى |
| 650 | 0 | 4 | _aالمدن الكبرى |
| 942 |
_2ddc _cBK |
||
| 999 |
_c41359 _d41359 |
||